| 000 | 01323cab a2200241 4500 | ||
|---|---|---|---|
| 001 | ABS68801 | ||
| 008 | 050329n2005 000 0 eng u | ||
| 035 | _a(Sirsi) u129192 | ||
| 100 | _aEdwards, J. | ||
| 245 | _aCracking in historic masonry and surface finishes: conservation approaches and solutions | ||
| 260 | _c2005 | ||
| 490 |
_aJournal of Building Appraisal _v1(1) February 2005, 20-33(14) |
||
| 520 | _aSets out to explain briefly what conservation is and what it means to properly implement it. It also describes the necessary tools to make sure it happens and details why conservation is the right approach. Looks at the technology of solid wall construction and different types of cracks, in terms of their identification, significance and possible treatment. Uses Cardiff Castle as a case study to describe the implications that cracks can have on the interiors of buildings. Intended to provide an overview of the issues largely from a practical perspective. References. [Taken from journal abstract]. | ||
| 590 | _aABS | ||
| 650 | _aHISTORIC BUILDINGS | ||
| 650 | _aSOLID WALLS | ||
| 650 | _aMASONRY | ||
| 650 | _aBUILDING DEFECTS | ||
| 650 | _aCRACKING | ||
| 650 | _aBUILDING SURVEYS | ||
| 690 | _aBUILT ENVIRONMENT-BUILDING MAINTENANCE AND REFURBISHMENT-BUILDING CONSERVATION | ||
| 942 | _n0 | ||
| 999 |
_c74990 _d74990 |
||